00697nam a2200169 a 4500008004100000050001900041100002300060245011200083246004100195250001100236260003200247300002100279350000900300995008100309999001700390952012000407120416s1932 ||||||||||||||||| || u aREF TK 223 Nat aSummers, Wilford I10aNFPA handbook of the national electrical code, based on the current 1975 codecedited by Wilford I. Summers aNational Fire Protection Association a4th ed aNew YorkbMcGraw-Hillc1932 axli, 797p. : ill a0.00 D0.00FCBU-MAIN LIBRARY (Kitwe)H1I35.00M1UREFERENCEZReference Collection c52249d52249 00102lcc4070a001b001cReference Collectiond2022-11-30l0oREF TK 223 Natp023335r2022-11-30w2022-11-30y002